Statistics for Slow down - Chase Atlantic (lyrics)

Click here to take the quiz!

General Stats

  • This quiz has been taken 48 times
  • The average score is 285 of 355

Answer Stats

Answer% Correct
I
100%
do,
97%
you
97%
you,
97%
I'm
94%
slow
94%
(slow
94%
Slow
94%
a
91%
down
91%
down,
91%
down
91%
(down)
91%
down)
91%
me
91%
me,
91%
me?
91%
if
88%
know
88%
no,
88%
"No
88%
now
88%
the
88%
But
85%
but
85%
go,
85%
You're
85%
you're
85%
don't
82%
is
82%
it
82%
ready
82%
said,
82%
so
82%
to
82%
already
79%
And
79%
babe,
79%
babe
79%
famous"
79%
"Fuck
79%
girl
79%
girl,
79%
heavy
79%
how
79%
let
79%
"Okay"
79%
She
79%
Tell
79%
that
79%
about
76%
baby,
76%
baby
76%
feeling
76%
got
76%
like
76%
too
76%
what
76%
(yeah)
76%
(Yeah)
76%
yeah,
76%
yeah
76%
all
73%
It's
73%
it's
73%
on
73%
show
73%
up,
73%
up
73%
wanna
73%
way"
73%
buried
70%
further
70%
I'll
70%
little
70%
little?"
70%
loud
70%
then
70%
bottle
67%
coming
67%
ever
67%
Finish
67%
in
67%
late
67%
pillow,
67%
Push
67%
burning
64%
edge
64%
floating
64%
have
64%
money
64%
red
64%
see
64%
bed,
61%
Oh-oh,
61%
oh-oh
61%
phased,
61%
some
61%
Waste
61%
we'll
61%
Oh,
58%
blow
55%
"Won't
55%
Won't
55%
Crawl
48%
I've
45%
days,
42%
Drugs
42%
my
42%
system
42%
been
39%
for
39%
listen
39%
listen,
39%
this
39%
gotta
33%
heard
33%
rollin'
33%
foreign
30%
vanity,
30%
too-faced,
18%

Score Distribution

Percentile by Number Answered

Percent of People with Each Score

Your Score History

You have not taken this quiz